Регионална библиотека "Любен Каравелов" - Русе

Чудният влак (Запис номер 142871)

MARC детайли
000 -Лидер
Контролно поле с фиксирана дължина 01067nam a2200289 c 4500
003 - Код на организацията, давaща контролен номер
Контролно поле BLK
005 - Дата и час на последна редакция
Контролно поле 20180422112430.0
008 - Елементи от данни с фиксирана дължина
fixed length control field 180409b bul|||||r ||||||| ||bul||
010 ## - Наследен системен номер
LC control number KNG00148974000
040 ## - Източник на каталожния запис
Идентификатор на билиотеката - собственик на записа BLK
041 ## - Код за език
Код за езика на текст/звукозапис или на отделно заглавие Български
Код за езика КДБФ Български
080 ## - УДК
Текстов определител УДК Българска литература
УДК код - определител по УДК 821.163.2
УДК определител -93-34
УДК - код + определител 821.163.2-93-34
100 1# - Редна дума - Автор
Автор Томбушев, Георги
Авторска отговорност първи автор
R(LIN) 327765
139 ## - Редно поле
Редна дума Томбушев, Георги
Авторски знак Том - Т 69
245 10 - Сведения за заглавието
Заглавие Чудният влак
Подзаглавни данни Приказка в стихове
Редно поле (дума) Георги Томбушев; ил. Мана Парпулова.
257 ## - Страна на издаване
Страна на създаване/издаване България
260 ## - Област на издателските данни
-- София
Име на издателя, разпространителя и проч. Бълг. художник
Година на издаване 1965
300 ## - Физическа характеристика
Страници 16 с.
Илюстрации и др. с ил.
Размери/Мащаб 17Х23 см
380 ## - Жанр
Жанр Детска худож. лит.
500 ## - Общи забележки
Забележка 35 000 тир.
700 1# - Други автори (авторска отговорност)
Лично име Парпулова, Мана
Автороска отговорност (Описва отношението между автора и произведението) ил.
9 (RLIN) 376686
852 ## - Местоположение
Форматна сигнатура Цб І 34984
856 4# - Електронен адрес и достъп
Електронен формат pdf - файл
Път до файла /url/
856 4# - Електронен адрес и достъп
Електронен формат pdf - файл
Път до файла /url/
942 ## - АРТИКУЛИ
Вид на библиотечния материал Книги
Скрит в OPAC Не
944 ## - СЪЗДАВАНЕ И РЕДАКЦИЯ на ЗАПИСА
Създаване/Редакция Създаване
Дата на регистрацията/редакция 08.08.2013
Статус, дата на статуса 08.08.2013 - от С1,Р / 08.08.2013
Служител, извършил регистрацията/редакцията Виктория_Петкова
944 ## - СЪЗДАВАНЕ И РЕДАКЦИЯ на ЗАПИСА
Създаване/Редакция Редакция
Дата на регистрацията/редакция 08.08.2013
Статус, дата на статуса 08.08.2013 - от С1,Р / 08.08.2013
Служител, извършил регистрацията/редакцията
999 ## - СИСТЕМНИ КОНТРОЛНИ НОМЕРА
Koha biblionumber 142871
Koha biblioitemnumber 142871
Наличности
Код за отписване Код за изгубен артикул Източник на класификационната схема Код за повреда Коз за рестрикции Код за отдаване Артикулен № Име на библиотеката - собственик Име на библиотеката, в която се намира в момента Статус (Текущо местоположение) Дата на вписване в системата Местоположение - отдел Цена в лева Инвентарен номер Систематично азбучна сигнатура Баркод Номер на екземпляра Цена в евро Служебна бележка Служебен тип на артикула
  Не е изгубен Universal Decimal Classification Не е повреден без рестрикции ползва се в читалня 236685 Регионална библиотека "Любен Каравелов" Русе Регионална библиотека "Любен Каравелов" Русе Хранилище 1965-01-01 Хранилище 0.12 15890/65 Цб І 34984 900000022526 1 0.06 Вид: СФ Дата: 01.01.1965 Книги
Vip Innovations Ltd, Rousse, Bulgaria 2025